| 000 | 00599nam a2200193Ia 4500 | ||
|---|---|---|---|
| 003 | OSt | ||
| 005 | 20260103104810.0 | ||
| 008 | 210210b1957 xxu||||| |||| 00| 0 eng d | ||
| 040 | _cAL | ||
| 041 | _aKannada | ||
| 082 | _a859/1827 | ||
| 100 |
_aVEDANAYAKA PILLE _9156580 _dವೇದನಾಯಕ ಪಿಳ್ಳೆ |
||
| 245 |
_aPratapa Mudali _b ಪ್ರತಾಪ ಮುದಲಿ |
||
| 260 |
_aBengaluru _bNetravati Prakashana _c1957 |
||
| 690 |
_aKannada Fiction _9156581 |
||
| 700 |
_aM Krishnamurthi: _dಎಂ ಕೃಷ್ಣಮೂರ್ತಿ _9250022 |
||
| 906 | _a022546 | ||
| 942 |
_2ddc _cBK |
||
| 999 |
_c146958 _d146958 |
||